000 00912nam a2200277Ia 4500
003 OSt
005 20221005071312.0
006 a|||||r|||| 00| 0
007 ta
008 221004b |||||||| |||| 00| 0 eng d
020 _a8173052603
_c1950
024 _a83163
037 _b1546, 30/03/2005, P.T. Book International
_cTextual
040 _aCRL
_cCRL
_beng
041 _2eng
_aeng
082 _aNA43,C9(Q4), P4
100 _aMay Reginald Le
_9606358
245 0 _aBuddhist art in South East Asia
_b The Indian influence on the Art of Thailand
260 _aNew Delhi
_bAryan Books International India
_c2004
300 _axxii+166p. Illus.208; Maps 2 22cmx28cm
_ccm.
650 _a ARTS
650 _a BUDDHIST ART
_937382
650 _aARCHITECTURE
942 _hNA43,C9(Q4), P4
_cTEXL
_2cc
999 _c977626
_d977626